[Event "II Weekend Master"]
[Site "Omegna ITA"]
[Date "2014.08.10"]
[Round "4"]
[White "Rivara, Massimo"]
[Black "Ottolini, Graziano"]
[WhiteElo "1800"]
[BlackElo "1984"]
[Result "0-1"]
[PlyCount "62"]
[EventDate "2014.08.08"]

1. e4 Nf6 2. e5 Nd5 3. Nc3 c6 4. Bc4 e6 5. Nf3 d6 6. O-O dxe5 7. Nxe5 Bd6 8.
Nf3 O-O 9. d4 Nxc3 10. bxc3 Nd7 11. Qe2 Re8 12. Ng5 Nf6 13. Re1 Qc7 14. g3 b5
15. Bd3 e5 16. Ne4 Nxe4 17. Qxe4 f5 18. Qg2 e4 19. f3 Qa5 20. fxe4 Qxc3 21. Be3
fxe4 22. Bxe4 Bf5 23. Bxc6 Rxe3 24. Rf1 Rd8 25. Rad1 Bh3 26. Bd5+ Be6 27. Bc6
Bxg3 28. Rd3 Rxd3 29. cxd3 Qxd4+ 30. Kh1 Be5 31. Be4 Bd5 0-1

[Event "II Weekend Master"]
[Site "Omegna ITA"]
[Date "2014.08.10"]
[Round "4"]
[White "Schmitt, Roland"]
[Black "Fattorelli, Luciano"]
[WhiteElo "1925"]
[BlackElo "1908"]
[Result "0-1"]
[PlyCount "96"]
[EventDate "2014.08.08"]

1. e4 c5 2. Nf3 e6 3. c3 d5 4. e5 d4 5. a4 Nc6 6. Na3 Nge7 7. Bd3 Ng6 8. Nc4
Qd5 9. O-O Ngxe5 10. Ncxe5 Nxe5 11. Nxe5 Qxe5 12. Bb5+ Bd7 13. Qf3 Qc7 14. cxd4
cxd4 15. d3 Bxb5 16. Bf4 Qc6 17. axb5 Qxf3 18. gxf3 Bc5 19. Ra4 Ke7 20. Rc1 Bb6
21. Rac4 Rhd8 22. Kf1 Rd5 23. Bc7 Bxc7 24. Rxc7+ Rd7 25. R7c4 Rad8 26. Ra1 Rd5
27. Rxa7 Rxb5 28. b4 Rd7 29. Kg2 e5 30. Ra1 Kd6 31. f4 f6 32. fxe5+ fxe5 33.
Re1 Rc7 34. Rec1 Rxc4 35. Rxc4 Rb6 36. Kf3 Kd5 37. Rc5+ Kd6 38. Rc4 Rc6 39. Ke4
Rxc4 40. dxc4 g5 41. f3 h6 42. h3 b6 43. Kd3 Ke6 44. Ke4 Kf6 45. Kd3 Kf5 46. c5
bxc5 47. bxc5 Kf6 48. Ke4 Ke6 0-1

[Event "II Weekend Master"]
[Site "Omegna ITA"]
[Date "2014.08.10"]
[Round "4"]
[White "Velluti, Alberto"]
[Black "Pasquotto, Mirko"]
[WhiteElo "1946"]
[BlackElo "1884"]
[Result "0-1"]
[PlyCount "50"]
[EventDate "2014.08.08"]

1. e4 c5 2. Nf3 d6 3. d4 cxd4 4. Nxd4 Nf6 5. Nc3 a6 6. Be3 e5 7. Nf3 h6 8. h3
Be6 9. Qd2 Nbd7 10. O-O-O b5 11. a3 Nb6 12. Qe1 Qc7 13. g4 Rc8 14. g5 Nfd7 15.
g6 f5 16. exf5 Bxf5 17. Nh4 Be6 18. f4 Na4 19. f5 Bg8 20. Bd2 Nab6 21. Bd3 Nc5
22. Rf1 Be7 23. Kb1 Nc4 24. Ne4 Nxd3 25. cxd3 Nxa3+ 0-1

[Event "II Weekend Master"]
[Site "Omegna ITA"]
[Date "2014.08.10"]
[Round "5"]
[White "Balzan, Alessandro"]
[Black "Mantovan, Giuseppe"]
[WhiteElo "1770"]
[BlackElo "1828"]
[Result "1-0"]
[PlyCount "88"]
[EventDate "2014.08.08"]

1. e4 e6 2. d4 d5 3. Nc3 Nf6 4. e5 Nfd7 5. f4 c5 6. Nf3 Nc6 7. Be3 a6 8. Be2 b5
9. a3 Qb6 10. Qd2 Bb7 11. dxc5 Bxc5 12. Bxc5 Qxc5 13. O-O-O Rc8 14. Nd4 Nxd4
15. Qxd4 O-O 16. Rhg1 Nb6 17. g4 Qxd4 18. Rxd4 f6 19. exf6 Rxf6 20. g5 Rff8 21.
a4 bxa4 22. Nxa4 Nc4 23. Bg4 Rc6 24. Re1 Bc8 25. Nc3 Rd8 26. b3 Na3 27. Kb2 Nb5
28. Nxb5 axb5 29. Rb4 Rb6 30. Be2 Ba6 31. Bd3 Rdd6 32. Re5 g6 33. h4 Rb8 34.
Kc3 Rf8 35. Rd4 Kf7 36. Kd2 Rb8 37. Re2 b4 38. Rh2 Bxd3 39. Kxd3 Rc6 40. Kd2
Ra6 41. h5 gxh5 42. Rxh5 Kg7 43. Rh6 Rbb6 44. Rd3 e5 1-0

[Event "II Weekend Master"]
[Site "Omegna ITA"]
[Date "2014.08.10"]
[Round "5"]
[White "Balzan, Marco"]
[Black "D'Agostino, Maurizio"]
[WhiteElo "1822"]
[BlackElo "1993"]
[Result "0-1"]
[PlyCount "84"]
[EventDate "2014.08.08"]

1. e4 e6 2. d4 d5 3. Nc3 Nc6 4. e5 f6 5. Nf3 Bb4 6. a3 Ba5 7. b4 Bb6 8. Na4 Bd7
9. Nxb6 axb6 10. Bb2 Nh6 11. Bd3 O-O 12. O-O fxe5 13. dxe5 Nf5 14. c4 Nce7 15.
cxd5 Nxd5 16. Be4 Bc6 17. Bxf5 Rxf5 18. Nd4 Ba4 19. Qg4 Qg5 20. Qxg5 Rxg5 21.
Nxe6 Rg6 22. Nd4 c5 23. bxc5 bxc5 24. Nf5 Rf8 25. Nd6 Bc6 26. f3 Ne3 27. Rf2
Bxf3 28. g3 Ng4 29. Rc2 Bc6 30. Re1 Nxh2 31. Rxc5 Nf3+ 32. Kf2 Nxe1+ 33. Kxe1
Rxg3 34. Bc3 Rgf3 35. Kd2 Rh3 36. Ke2 Rff3 37. Bb4 Rh2+ 38. Ke1 Re3+ 39. Kd1
Rhe2 40. Nc4 Re4 41. Ra5 h6 42. Bd6 Rg2 0-1

[Event "II Weekend Master"]
[Site "Omegna ITA"]
[Date "2014.08.10"]
[Round "5"]
[White "Bini, Massimo"]
[Black "Pasquotto, Mirko"]
[WhiteElo "1995"]
[BlackElo "1884"]
[Result "1-0"]
[PlyCount "75"]
[EventDate "2014.08.08"]

1. d4 Nf6 2. Bf4 g6 3. e3 Bg7 4. Nf3 O-O 5. Be2 d6 6. h3 Nbd7 7. O-O c5 8. c3
a6 9. a4 b6 10. Bh2 Bb7 11. Nbd2 Bc6 12. Qb3 b5 13. axb5 axb5 14. Rfe1 Qb6 15.
Bf1 Qb7 16. Qc2 Ne4 17. Red1 Ndf6 18. Ne1 Bh6 19. Nxe4 Nxe4 20. Nf3 b4 21. Nd2
cxd4 22. cxd4 Rfc8 23. Rxa8 Qxa8 24. Qd3 Nxd2 25. Qxd2 b3 26. Rc1 Be4 27. Rc3
Rxc3 28. Qxc3 Qa2 29. Bg3 d5 30. Be5 f6 31. Bc7 Bf8 32. Bb6 e6 33. f3 Bc2 34.
Qc8 Kg7 35. Qxe6 Qxb2 36. Bd8 Qa3 37. Bxf6+ Kh6 38. Qg4 1-0

[Event "II Weekend Master"]
[Site "Omegna ITA"]
[Date "2014.08.10"]
[Round "5"]
[White "Buzio, Alberto"]
[Black "Boschetti, Claudio"]
[WhiteElo "1841"]
[BlackElo "2141"]
[Result "0-1"]
[PlyCount "30"]
[EventDate "2014.08.08"]

1. e4 e5 2. Nf3 Nc6 3. d4 exd4 4. Bc4 Nf6 5. O-O Nxe4 6. Re1 d5 7. Bxd5 Qxd5 8.
Nc3 Qa5 9. Nxe4 Be6 10. Neg5 O-O-O 11. Nxe6 fxe6 12. Rxe6 Bd6 13. Bd2 Qh5 14.
Qe2 d3 15. cxd3 Nd4 0-1

[Event "II Weekend Master"]
[Site "Omegna ITA"]
[Date "2014.08.10"]
[Round "5"]
[White "Cacciola, Alfredo"]
[Black "Paleologu, Vladimir"]
[WhiteElo "2148"]
[BlackElo "2151"]
[Result "0-1"]
[PlyCount "85"]
[EventDate "2014.08.08"]

1. e4 b6 2. d4 Bb7 3. Bd3 Nf6 4. Qe2 Nc6 5. c3 e5 6. Nf3 d6 7. O-O Be7 8. Na3
O-O 9. dxe5 dxe5 10. Nc4 Nd7 11. Rd1 Qc8 12. b4 Bf6 13. Ne3 Ne7 14. Bb2 a5 15.
a3 Bc6 16. Bb5 Bxb5 17. Qxb5 c6 18. Qd3 Rd8 19. c4 axb4 20. axb4 Rxa1 21. Bxa1
Ng6 22. Qc2 Ndf8 23. Rxd8 Qxd8 24. Ng4 Qe7 25. Bc3 Nd7 26. g3 h5 27. Ne3 h4 28.
Nf5 Qe6 29. Qd3 hxg3 30. hxg3 Ne7 31. Ne3 g6 32. Kg2 Kg7 33. g4 Kg8 34. Kg3 Nc8
35. g5 Bg7 36. b5 Nc5 37. Qd8+ Kh7 38. Nd2 cxb5 39. cxb5 Nd6 40. f3 Nxb5 41.
Bb4 Na4 42. Nd5 Qc6 43. Qd6 0-1

[Event "II Weekend Master"]
[Site "Omegna ITA"]
[Date "2014.08.10"]
[Round "5"]
[White "Engl, Stefan"]
[Black "Marguerettaz, Davy"]
[WhiteElo "1912"]
[BlackElo "2187"]
[Result "1/2-1/2"]
[PlyCount "101"]
[EventDate "2014.08.08"]

1. e4 e5 2. Nf3 Nc6 3. d4 exd4 4. Bc4 Bc5 5. c3 Nf6 6. e5 d5 7. Bb5 Ne4 8. cxd4
Bb6 9. h3 O-O 10. O-O f6 11. Be3 fxe5 12. Bxc6 bxc6 13. Nxe5 Qf6 14. Nd2 Nxd2
15. Qxd2 c5 16. Ng4 Bxg4 17. dxc5 Be6 18. b4 Qg6 19. Kh1 Rf5 20. Bd4 Raf8 21.
f4 Rh5 22. Rf3 Bf5 23. Qf2 Qe6 24. Re1 Be4 25. Rg3 Rxh3+ 26. Kg1 Rxg3 27. Qxg3
Qg6 28. Qxg6 hxg6 29. g3 Rf5 30. cxb6 cxb6 31. Rc1 Rf7 32. a4 Bd3 33. Rc6 Rd7
34. Kf2 Kf7 35. g4 Re7 36. Be5 g5 37. Rc7 Rxc7 38. Bxc7 gxf4 39. Bxf4 Bc2 40.
a5 bxa5 41. bxa5 Bd1 42. Kg3 Ke6 43. Bb8 a6 44. Kf4 d4 45. Ke4 Bxg4 46. Kxd4
Be2 47. Ke4 g5 48. Ke3 Bb5 49. Kf3 Kf5 50. Kg3 g4 51. Bc7 1/2-1/2

[Event "II Weekend Master"]
[Site "Omegna ITA"]
[Date "2014.08.10"]
[Round "5"]
[White "Fattorelli, Luciano"]
[Black "Monticone, Sonia"]
[WhiteElo "1908"]
[BlackElo "1866"]
[Result "1/2-1/2"]
[PlyCount "32"]
[EventDate "2014.08.08"]

1. c4 c5 2. Nf3 e6 3. g3 b6 4. Bg2 Bb7 5. O-O Nf6 6. b3 Be7 7. Bb2 O-O 8. d4
cxd4 9. Nxd4 Bxg2 10. Kxg2 d5 11. cxd5 Qxd5+ 12. Nf3 Rd8 13. Qxd5 Nxd5 14. Nbd2
Nd7 15. Rac1 Rac8 16. Nc4 h5 1/2-1/2

[Event "II Weekend Master"]
[Site "Omegna ITA"]
[Date "2014.08.10"]
[Round "5"]
[White "Medici, Simone"]
[Black "Vezzosi, Paolo"]
[WhiteElo "2076"]
[BlackElo "2274"]
[Result "0-1"]
[PlyCount "58"]
[EventDate "2014.08.08"]

1. e4 c5 2. Nf3 Nc6 3. d4 cxd4 4. Nxd4 Qc7 5. Be3 Nf6 6. Nc3 e6 7. a3 Be7 8.
Be2 O-O 9. O-O d6 10. f3 a6 11. Qd2 Ne5 12. b3 Bd7 13. Nd1 d5 14. exd5 Nxd5 15.
Bf2 b5 16. f4 Ng6 17. g3 Rfd8 18. c4 bxc4 19. bxc4 Nf6 20. Bf3 Rac8 21. Nb2 e5
22. fxe5 Nxe5 23. Be2 Bh3 24. Rfd1 Qb7 25. Bf1 Rxd4 26. Qe3 Rxd1 27. Rxd1 Nf3+
28. Kh1 Ne4 29. Qe2 Bc5 0-1

[Event "II Weekend Master"]
[Site "Omegna ITA"]
[Date "2014.08.10"]
[Round "5"]
[White "Ottolini, Graziano"]
[Black "Velluti, Alberto"]
[WhiteElo "1984"]
[BlackElo "1946"]
[Result "1-0"]
[PlyCount "112"]
[EventDate "2014.08.08"]

1. e4 e5 2. Nf3 Nc6 3. Bc4 Bc5 4. c3 Nf6 5. d3 O-O 6. O-O d6 7. a4 h6 8. b4
Nxb4 9. cxb4 Bxb4 10. Qb3 Bc5 11. Ba3 Bxa3 12. Nxa3 Bg4 13. Nd2 Nd7 14. f3 Nc5
15. Qc2 Bd7 16. Nb5 a6 17. Nc3 Qg5 18. Nb3 Ne6 19. Bxe6 Bxe6 20. f4 exf4 21.
Ne2 Qg4 22. Nxf4 c6 23. Nd4 Bd7 24. Rf3 Qg5 25. Raf1 Qe5 26. Nfe2 c5 27. Nf5 b5
28. Re3 Bxf5 29. Rxf5 Qa1+ 30. Rf1 Qxa4 31. Qxa4 bxa4 32. Ra1 Rfb8 33. Rxa4 Rb4
34. Ra2 a5 35. Rf3 a4 36. Rf1 Rb3 37. Rfa1 a3 38. Nc1 Rb2 39. Rxa3 Rxa3 40.
Rxa3 Rb1 41. Rc3 f5 42. exf5 Kf7 43. Kf2 Kf6 44. Ne2 Kxf5 45. d4 cxd4 46. Rd3
Ke5 47. Rxd4 Rb2 48. Rd3 g5 49. Kf3 g4+ 50. Kf2 h5 51. Re3+ Kf5 52. Re8 d5 53.
Ke3 h4 54. g3 hxg3 55. hxg3 Ra2 56. Nd4+ Kf6 1-0

[Event "II Weekend Master"]
[Site "Omegna ITA"]
[Date "2014.08.10"]
[Round "5"]
[White "Schmitt, Roland"]
[Black "Rivara, Massimo"]
[WhiteElo "1925"]
[BlackElo "1800"]
[Result "1-0"]
[PlyCount "63"]
[EventDate "2014.08.08"]

1. e4 c5 2. Nf3 d6 3. d4 cxd4 4. Nxd4 Nf6 5. Nc3 a6 6. Bg5 e6 7. f4 Be7 8. Qf3
Qc7 9. O-O-O h6 10. Bxf6 Bxf6 11. h4 Nc6 12. Nb3 b5 13. Bxb5 axb5 14. Nxb5 Qb8
15. Nxd6+ Ke7 16. e5 Bxe5 17. fxe5 Nxe5 18. Qg3 Ng6 19. Rhf1 Rf8 20. h5 Ba6 21.
Rf2 Qb6 22. hxg6 f6 23. Qc3 Rfd8 24. Rfd2 Kf8 25. Kb1 Kg8 26. Nc5 Bc8 27. Qc4
Rb8 28. b3 Qc6 29. Nf7 Rxd2 30. Rxd2 Kf8 31. Nxe6+ Qxe6 32. Rd8+ 1-0

[Event "II Weekend Master"]
[Site "Omegna ITA"]
[Date "2014.08.10"]
[Round "5"]
[White "Vianin, Pascal"]
[Black "Quirico, Paolo"]
[WhiteElo "2189"]
[BlackElo "2104"]
[Result "0-1"]
[PlyCount "62"]
[EventDate "2014.08.08"]

1. e4 c5 2. Nf3 g6 3. d4 cxd4 4. Qxd4 Nf6 5. Nc3 Nc6 6. Qa4 d6 7. e5 Ng4 8. Bf4
Bg7 9. exd6 O-O 10. Be2 e5 11. Bd2 Qxd6 12. h3 Nf6 13. O-O-O Qb8 14. Be3 a6 15.
Qh4 b5 16. Ng5 h6 17. Nge4 Nxe4 18. Nxe4 Nd4 19. Rxd4 exd4 20. Bxh6 Qe5 21. Bf3
Bxh6+ 22. Qxh6 Ra7 23. g4 Qg7 24. Qh4 f6 25. Nc5 Rd8 26. g5 fxg5 27. Qxg5 Rd6
28. Rg1 Bf5 29. h4 Rc7 30. b4 d3 31. cxd3 Qc3+ 0-1

[Event "II Weekend Open"]
[Site "Omegna ITA"]
[Date "2014.08.09"]
[Round "1"]
[White "Bettini, Alessandro"]
[Black "Rossi, Emanuele"]
[WhiteElo "1829"]
[BlackElo "1605"]
[Result "1-0"]
[PlyCount "111"]
[EventDate "2014.08.08"]

1. d4 c5 2. e3 cxd4 3. exd4 d5 4. Nf3 Nf6 5. Bd3 g6 6. O-O Bg7 7. Re1 O-O 8.
Bf4 Nc6 9. c3 Re8 10. Nbd2 Bg4 11. h3 Nh5 12. Bh2 Bd7 13. Qb3 e6 14. Qxb7 Rb8
15. Bxb8 Nxb8 16. Qxa7 Nf4 17. Bf1 Re7 18. Qc5 Bc8 19. g3 Bf8 20. Qa3 Nh5 21.
Qb3 Nc6 22. Qc2 Rc7 23. Nb3 Nf6 24. Ne5 Nxe5 25. Rxe5 Bd6 26. Re3 Nd7 27. f4
Bb7 28. Qf2 Qa8 29. Nd2 Ba6 30. Nf3 Bxf1 31. Kxf1 Nb6 32. Ne5 Bxe5 33. fxe5 Nc4
34. Re2 Qa6 35. Kg1 Na5 36. Rf1 Qc4 37. a3 Nb7 38. Qf3 Nd8 39. Rh2 Nc6 40. Qe3
Ne7 41. g4 Qb5 42. Qf3 Qe8 43. Rhf2 Nc6 44. h4 Na5 45. Qf6 Nc4 46. Re1 Rb7 47.
Ree2 Nb6 48. h5 Nd7 49. Qg5 Kh8 50. hxg6 fxg6 51. Re3 Qg8 52. Ref3 Rb8 53. Rf7
Rd8 54. Qe7 h6 55. Rh7+ Qxh7 56. Qxd8+ 1-0

[Event "II Weekend Open"]
[Site "Omegna ITA"]
[Date "2014.08.09"]
[Round "1"]
[White "Borghi, Dario"]
[Black "Merighi, Yasin"]
[WhiteElo "1767"]
[BlackElo "1576"]
[Result "1-0"]
[PlyCount "57"]
[EventDate "2014.08.08"]

1. c4 e5 2. g3 Nf6 3. Bg2 c6 4. Nc3 Bb4 5. Qb3 Bxc3 6. Qxc3 d6 7. d3 h6 8. e4
O-O 9. f4 Re8 10. Nf3 Nbd7 11. O-O Qc7 12. Bd2 b6 13. f5 Nc5 14. b4 Na6 15. a3
Rb8 16. a4 Bd7 17. h3 Rec8 18. Qc1 Kh7 19. g4 Ng8 20. g5 Qd8 21. gxh6 gxh6 22.
f6 c5 23. b5 Nb4 24. Bxh6 Nxd3 25. Qg5 Qxf6 26. Qh5 Qxh6 27. Ng5+ Kg7 28. Rxf7+
Kh8 29. Rh7+ 1-0

[Event "II Weekend Open"]
[Site "Omegna ITA"]
[Date "2014.08.08"]
[Round "1"]
[White "Buoniconti, Francesco"]
[Black "Nordio, Giorgio"]
[WhiteElo "1449"]
[BlackElo "1716"]
[Result "0-1"]
[PlyCount "112"]
[EventDate "2014.08.08"]

1. d4 c6 2. Nf3 d5 3. e3 Bf5 4. Bd3 Bxd3 5. Qxd3 Nf6 6. Nbd2 e6 7. a3 Nbd7 8.
b3 Be7 9. Bb2 Qc7 10. O-O O-O 11. Ne5 Rac8 12. f4 c5 13. Rac1 a6 14. c4 dxc4
15. bxc4 Rcd8 16. Rf3 Bd6 17. Rh3 Nxe5 18. fxe5 Bxe5 19. Qc2 cxd4 20. exd4
Bxd4+ 21. Bxd4 Rxd4 22. Rf1 Rf4 23. Rxf4 Qxf4 24. Rd3 Ng4 25. Nf3 Ne5 26. Nxe5
Qxe5 27. Qd1 Qc5+ 28. Kh1 Qxc4 29. Rd8 Qc5 30. Rd7 b5 31. Qa1 h6 32. h3 Qb6 33.
Qf1 Qe3 34. Rd3 Qc5 35. Qe1 Rc8 36. Rd1 Qxa3 37. Ra1 Qc3 38. Qf1 Qc4 39. Qd1 b4
40. Kh2 b3 41. Qd7 Qc7+ 42. Qxc7 Rxc7 43. Rxa6 Rb7 44. Ra1 b2 45. Rb1 Kf8 46.
Kg3 Ke7 47. Kf4 Rb4+ 48. Ke3 f5 49. Kd3 Kf6 50. Kc3 Rb7 51. Kd3 e5 52. Kc3 f4
53. Kc4 Kf5 54. Kd3 e4+ 55. Ke2 Rb3 56. Kf2 g5 0-1

[Event "II Weekend Open"]
[Site "Omegna ITA"]
[Date "2014.08.08"]
[Round "1"]
[White "Cavagna, Marco"]
[Black "Resch, Aaron"]
[WhiteElo "1497"]
[BlackElo "1741"]
[Result "0-1"]
[PlyCount "126"]
[EventDate "2014.08.08"]

1. d4 b6 2. e4 Bb7 3. Bd3 g6 4. Nf3 Bg7 5. Bf4 d6 6. Nc3 e6 7. O-O Nd7 8. Re1
Ne7 9. e5 d5 10. Nb5 a6 11. Na3 h6 12. c4 O-O 13. Rc1 c5 14. Nc2 Rc8 15. a3 Kh7
16. b4 Rc7 17. a4 Qc8 18. bxc5 bxc5 19. Na3 Re8 20. Qd2 Bf8 21. a5 cxd4 22.
Nxd4 Nc5 23. Bc2 Rd8 24. Qe3 Nc6 25. cxd5 Nxd4 26. Qxd4 Bxd5 27. Qe3 Nb7 28.
Bb1 Bc5 29. Qh3 Bf8 30. Rxc7 Qxc7 31. Rc1 Qxa5 32. Nc2 Rc8 33. Qe3 Bc5 34. Qe1
Qa4 35. Be3 Qe4 36. f3 Qxe5 37. Bxc5 Qxe1+ 38. Nxe1 Rxc5 39. Rxc5 Nxc5 40. Nc2
a5 41. Na3 Kg7 42. Kf2 Kf6 43. Ke3 e5 44. Nb5 a4 45. Nc3 Bb3 46. Nb5 Kg5 47. g3
f5 48. Kf2 Ne6 49. h4+ Kf6 50. Bd3 Nd4 51. Na3 g5 52. h5 g4 53. f4 e4 54. Bb1
Ke6 55. Ke3 Kd5 56. Kd2 Ne6 57. Ke3 Kc5 58. Kd2 Kb4 59. Nc2+ Bxc2 60. Bxc2 a3
61. Kc1 Kc3 62. Bb1 Nxf4 63. gxf4 g3 0-1

[Event "II Weekend Open"]
[Site "Omegna ITA"]
[Date "2014.08.08"]
[Round "1"]
[White "Chanex, Arnaud"]
[Black "Frignani, Alessandro"]
[WhiteElo "1726"]
[BlackElo "1461"]
[Result "1-0"]
[PlyCount "75"]
[EventDate "2014.08.08"]

1. e4 e5 2. Nf3 Qf6 3. d3 h6 4. Nc3 c6 5. Be3 d6 6. h3 Nd7 7. d4 Ne7 8. Qd2 b6
9. Rd1 Ng6 10. Bc4 Bb7 11. Bb3 O-O-O 12. O-O Nf4 13. Ne2 Ba6 14. c4 Nxe2+ 15.
Qxe2 g5 16. Ba4 Kb7 17. b4 Kc7 18. Bxc6 Nb8 19. dxe5 dxe5 20. Rxd8 Kxd8 21.
Qd2+ Kc7 22. Bd5 Qd6 23. c5 bxc5 24. Bxc5 Qf6 25. Rc1 Bxc5 26. Rxc5+ Kd8 27.
Nxe5 Ke8 28. Bxf7+ Kf8 29. Bh5 Rh7 30. Qd4 Rg7 31. Ng6+ Rxg6 32. Rf5 Qxf5 33.
exf5 Rb6 34. Qd8+ Kg7 35. Qe7+ Kg8 36. Bf7+ Kh8 37. Qf8+ Kh7 38. Qg8# 1-0

[Event "II Weekend Open"]
[Site "Omegna ITA"]
[Date "2014.08.08"]
[Round "1"]
[White "Ciochetta, Giovanni"]
[Black "Guensberg, Alex"]
[WhiteElo "1549"]
[BlackElo "1754"]
[Result "1/2-1/2"]
[PlyCount "122"]
[EventDate "2014.08.08"]

1. e4 e5 2. Nf3 Nf6 3. d3 Nc6 4. Be2 Bc5 5. O-O h6 6. Be3 Bxe3 7. fxe3 d6 8.
Nc3 O-O 9. Qd2 d5 10. exd5 Nxd5 11. Nxd5 Qxd5 12. e4 Qd6 13. Kh1 Bg4 14. c3
Rad8 15. Rad1 f5 16. Nh4 Bxe2 17. Qxe2 f4 18. Nf5 Qf6 19. g3 fxg3 20. Nxg3 Qe6
21. Rxf8+ Rxf8 22. a3 Ne7 23. Rf1 Rxf1+ 24. Qxf1 Qb6 25. Qe2 Ng6 26. Nf5 Nf4
27. Qc2 Qa6 28. Qb3+ Qe6 29. Qxe6+ Nxe6 30. d4 Ng5 31. Ng3 Kf7 32. Kg2 Ne6 33.
dxe5 Nf4+ 34. Kf3 Nd3 35. Ke3 Nxb2 36. Kd4 Na4 37. c4 g6 38. h4 Ke6 39. c5 c6
40. h5 gxh5 41. Nxh5 b6 42. Nf4+ Ke7 43. cxb6 axb6 44. e6 Nb2 45. e5 Nd1 46.
Kd3 Nf2+ 47. Ke3 Nd1+ 48. Kd3 h5 49. Nxh5 Kxe6 50. Kd4 c5+ 51. Ke4 Nc3+ 52. Kf4
b5 53. Ng7+ Kf7 54. Nf5 Ke6 55. Ng7+ Kf7 56. Nf5 b4 57. axb4 cxb4 58. Nd4 Kg6
59. Ke3 Nd5+ 60. Kd3 Nb6 61. Nc6 Nd7 1/2-1/2

[Event "II Weekend Open"]
[Site "Omegna ITA"]
[Date "2014.08.09"]
[Round "1"]
[White "Coqueraut, Lodewyk"]
[Black "Nordio, Giordano"]
[WhiteElo "1691"]
[BlackElo "1413"]
[Result "1-0"]
[PlyCount "51"]
[EventDate "2014.08.08"]

1. d4 Nf6 2. c4 d5 3. Nc3 e6 4. Nf3 Bb4 5. e3 Ne4 6. Qc2 Nc6 7. a3 Bxc3+ 8.
bxc3 O-O 9. Bd3 f5 10. O-O Na5 11. cxd5 exd5 12. Rb1 Qd6 13. Ne5 Nc6 14. f4 Ne7
15. c4 c6 16. cxd5 cxd5 17. Bxe4 dxe4 18. Bd2 a5 19. Nc4 Qc7 20. Rfc1 Nd5 21.
Qb3 Kh8 22. Ne5 Qe7 23. Rc5 Be6 24. Qxb7 Rab8 25. Qxb8 Rxb8 26. Rxb8+ 1-0

[Event "II Weekend Open"]
[Site "Omegna ITA"]
[Date "2014.08.09"]
[Round "1"]
[White "Del Nevo, Claudio"]
[Black "Amoros, Pierre"]
[WhiteElo "1832"]
[BlackElo "1612"]
[Result "1/2-1/2"]
[PlyCount "112"]
[EventDate "2014.08.08"]

1. d4 d5 2. Nf3 Nf6 3. Bg5 Ne4 4. Bf4 Bf5 5. e3 Nd7 6. Bd3 e6 7. c3 h6 8. Qc2
Ndf6 9. Nbd2 Bd6 10. Ne5 g5 11. Bg3 Nxg3 12. hxg3 Bxd3 13. Qxd3 Bxe5 14. dxe5
Nd7 15. f4 Qe7 16. O-O-O O-O-O 17. Nb3 c5 18. c4 Nb6 19. cxd5 c4 20. d6 Qe8 21.
Qc3 Kb8 22. Nc5 Qc6 23. Qd4 Qxg2 24. Qe4 Qxe4 25. Nxe4 gxf4 26. exf4 Nd5 27.
Nc3 Nxc3 28. bxc3 h5 29. Rh4 Rdg8 30. Rg1 b5 31. Kd2 Kb7 32. Ke3 Kc6 33. Kf3 a5
34. a3 Rb8 35. Ke4 Kc5 36. Rb1 b4 37. axb4+ axb4 38. cxb4+ Rxb4 39. Rxb4 Kxb4
40. Kd4 Kb3 41. Rh1 c3 42. Rc1 c2 43. Kd3 Rg8 44. Kd2 Rxg3 45. d7 Rg8 46. Rxc2
Rd8 47. Rc7 Kb4 48. Ke3 Kb5 49. Kf3 Kb6 50. Rc8 Rxd7 51. Rh8 Kc7 52. Rxh5 Kd8
53. Rh8+ Ke7 54. Ra8 Rd8 55. Ra6 Kf8 56. Kg4 Kg7 1/2-1/2

[Event "II Weekend Open"]
[Site "Omegna ITA"]
[Date "2014.08.08"]
[Round "1"]
[White "Faraci, Libero"]
[Black "Potterat, Aaron"]
[WhiteElo "1713"]
[BlackElo "1440"]
[Result "1-0"]
[PlyCount "59"]
[EventDate "2014.08.08"]

1. c4 e6 2. g3 Nf6 3. Nf3 b6 4. Bg2 Bb7 5. O-O d5 6. cxd5 exd5 7. d4 c5 8. b3
Nc6 9. Bb2 Bd6 10. Nc3 Qd7 11. dxc5 Bxc5 12. Nb5 a6 13. Nbd4 O-O-O 14. Rc1 Ne4
15. e3 f5 16. Nxc6 Bxc6 17. Ne5 Qe6 18. b4 Nxf2 19. Rxf2 Qh6 20. bxc5 Qxe3 21.
Nxc6 Rd7 22. Bd4 Qa3 23. cxb6 Rb7 24. Na5+ Rc7 25. Rxc7+ Kd8 26. Nc6+ Ke8 27.
Qe1+ Kf8 28. b7 Kg8 29. Qe8+ Qf8 30. Rxg7# 1-0

[Event "II Weekend Open"]
[Site "Omegna ITA"]
[Date "2014.08.09"]
[Round "1"]
[White "Gbessou, Remi Stephan"]
[Black "Alberio, Nicolo'"]
[WhiteElo "1323"]
[BlackElo "1659"]
[Result "0-1"]
[PlyCount "86"]
[EventDate "2014.08.08"]

1. e4 c5 2. Nf3 Nc6 3. d4 cxd4 4. Bc4 e6 5. O-O Bc5 6. e5 d5 7. Be2 Nge7 8.
Nbd2 a6 9. c4 dxc3 10. bxc3 Ng6 11. Nb3 Be7 12. Be3 O-O 13. Qd2 Ngxe5 14. Nxe5
Nxe5 15. Bd4 Nc6 16. Be3 b5 17. a3 Bb7 18. Nc1 Rc8 19. Nd3 Na5 20. Ne1 Nc4 21.
Bxc4 Rxc4 22. Nd3 f6 23. Nf4 Qc8 24. Rfc1 e5 25. Nh5 Rd8 26. Bh6 g6 27. Ng3 Qc6
28. Qe3 d4 29. Qe4 Qxe4 30. Nxe4 Bxe4 31. cxd4 Rdxd4 32. Be3 Rxc1+ 33. Rxc1 Rc4
34. a4 Rxc1+ 35. Bxc1 Bd3 36. a5 Bb4 37. g3 Bxa5 38. Ba3 b4 39. Bc1 Bb6 40. Be3
Bxe3 41. fxe3 b3 42. Kg2 b2 43. Kf3 b1=Q 0-1

[Event "II Weekend Open"]
[Site "Omegna ITA"]
[Date "2014.08.09"]
[Round "1"]
[White "Giancola, Andrea"]
[Black "Lantschner, Alexander"]
[WhiteElo "1760"]
[BlackElo "1562"]
[Result "1-0"]
[PlyCount "27"]
[EventDate "2014.08.08"]

1. e4 e5 2. Bc4 Bc5 3. Nc3 d6 4. f4 exf4 5. Nf3 Bg4 6. d4 Bb6 7. Bxf4 Qf6 8.
Be3 Ne7 9. O-O O-O 10. Qd2 Nec6 11. Ng5 Qh6 12. Nxf7 Qxe3+ 13. Qxe3 Bxd4 14.
Nh6+ 1-0

[Event "II Weekend Open"]
[Site "Omegna ITA"]
[Date "2014.08.08"]
[Round "1"]
[White "Grudina, Marco"]
[Black "Sajjadi, Kimiya"]
[WhiteElo "1741"]
[BlackElo "1531"]
[Result "1/2-1/2"]
[PlyCount "142"]
[EventDate "2014.08.08"]

1. e4 e6 2. d4 d5 3. Nc3 Bb4 4. e5 Nh6 5. Bxh6 gxh6 6. Qd2 c5 7. O-O-O Qa5 8.
a3 Bxc3 9. Qxc3 Qxc3 10. bxc3 c4 11. Nh3 a5 12. Nf4 b5 13. Nh5 Nc6 14. Nf6+ Ke7
15. Be2 b4 16. Kd2 Bd7 17. Ra1 bxa3 18. Rxa3 Rab8 19. Rha1 Rb7 20. g3 Kf8 21.
Kc1 Kg7 22. Rb1 Rhb8 23. Raa1 Rxb1+ 24. Rxb1 Rxb1+ 25. Kxb1 Nb8 26. Nxd7 Nxd7
27. Ka2 Nb6 28. Bh5 Na4 29. f4 Nxc3+ 30. Ka3 Nb5+ 31. Ka4 Nxd4 32. c3 Nc2 33.
Bd1 Ne3 34. Kxa5 Nf1 35. Be2 Nxh2 36. Kb6 Kg6 37. Kc5 h5 38. Kd4 Ng4 39. Bf3
Nh6 40. Ke3 Nf5+ 41. Kf2 Nh6 42. Kg2 Nf5 43. Kf2 Kh6 44. Be2 d4 45. cxd4 c3 46.
Ke1 Nxd4 47. Bd3 Nf5 48. Kf2 Nd4 49. Ke1 c2 50. Kd2 Nf5 51. Bxc2 Nxg3 52. Ke1
Nf5 53. Kf2 h4 54. Kg1 Ne3 55. Be4 Nd5 56. f5 Nf4 57. fxe6 Nxe6 58. Kh2 Nc5 59.
Bf5 Kg7 60. Kh3 f6 61. exf6+ Kxf6 62. Bxh7 Kg5 63. Bc2 Ne6 64. Bb3 Nf4+ 65. Kh2
Kg4 66. Bd1+ Kg5 67. Bf3 Ng6 68. Kh3 Nf4+ 69. Kh2 Ng6 70. Kh3 Nf4+ 71. Kh2 Ng6
1/2-1/2

[Event "II Weekend Open"]
[Site "Omegna ITA"]
[Date "2014.08.09"]
[Round "1"]
[White "Koureas, Panicos"]
[Black "Schingaro, Angelo"]
[WhiteElo "1417"]
[BlackElo "1702"]
[Result "0-1"]
[PlyCount "76"]
[EventDate "2014.08.08"]

1. e4 c5 2. Nc3 Nc6 3. f4 d6 4. Nf3 g6 5. Bb5 Bg7 6. Bxc6+ bxc6 7. O-O Nf6 8.
d3 O-O 9. Qe1 Rb8 10. Qh4 h5 11. a4 Qc7 12. b3 Nxe4 13. dxe4 Bxc3 14. Rb1 Rb4
15. Qg3 Rxe4 16. Kh1 Bf6 17. Ng5 Bxg5 18. Qxg5 Bf5 19. Bd2 f6 20. Qg3 Qd7 21.
b4 cxb4 22. Rxb4 Rxb4 23. Bxb4 c5 24. Ba3 Qxa4 25. Qe3 Qe4 26. Qb3+ Kg7 27. c4
Qd3 28. Qxd3 Bxd3 29. Re1 Kf7 30. g3 Rb8 31. Kg2 Rb3 32. Ra1 Bxc4 33. Bc1 a6
34. h4 Bb5 35. Kf2 c4 36. Be3 c3 37. Rc1 Rb2+ 38. Ke1 Re2+ 0-1